000 00318nam a22001457a 4500
003 OSt
008 250425b |||||||| |||| 00| 0 eng d
020 _a9780670095209
100 _aCOELHO,Paulo
245 _aThe Archer
260 _aGurugram
_bPenguin
_c2020
300 _a130
650 _aGeneral
942 _2ddc
_cBK
999 _c13439
_d13439